Plan de lucha contra la pobreza : (Registro nro. 8561)

Detalles MARC
000 -LEADER
fixed length control field 01694nam a2200241Ia 4500
003 - CONTROL NUMBER IDENTIFIER
control field OSt
005 - DATE AND TIME OF LATEST TRANSACTION
control field 20210924093814.0
008 - FIXED-LENGTH DATA ELEMENTS--GENERAL INFORMATION
fixed length control field 210310s1989 ck fr 000 0 spa d
040 ## - CATALOGING SOURCE
Original cataloging agency CO-JMCR
Transcribing agency CO-JMCR
041 0# - LANGUAGE CODE
Language code of text/sound track or separate title spa
082 04 - DEWEY DECIMAL CLASSIFICATION NUMBER
Classification number 362.5 /
Item number C718p1
Edition number 23
110 1# - MAIN ENTRY--CORPORATE NAME
Corporate name or jurisdiction name as entry element Colombia.
Subordinate unit Presidencia de la República
9 (RLIN) 2972
245 10 - TITLE STATEMENT
Title Plan de lucha contra la pobreza :
Remainder of title la acción inmediata sobre los municipios más pequeños y pobres de Colombia /
Statement of responsibility, etc. Presidencia de la República
260 ## - PUBLICATION, DISTRIBUTION, ETC.
Place of publication, distribution, etc. Bogotá :
Name of publisher, distributor, etc. Consejería para el Desarrollo Social,
Date of publication, distribution, etc. 1989
300 ## - PHYSICAL DESCRIPTION
Extent 253 páginas ;
Dimensions 22 cm.
500 ## - GENERAL NOTE
General note Incluye notas a pie de página.
505 0# - FORMATTED CONTENTS NOTE
Formatted contents note Erradicar la pobreza para fortalecer la democracia -- La lucha contra la pobreza: un propósito nacional -- Presente y futuro -- Presente y futuro del Plan de Acción Inmediata -PAI- -- El Plan de Acción Inmediata -PAI- y la estrategia de Desarrollo Social -- Participación de las Fuerzas Militares en desarrollo del Plan de Lucha contra la pobreza absoluta -- Recursos para la financiación del desarrollo municipal (síntesis) -- El aprovisionamiento de bienes básicos en los municipios más pobres -- Catastro y Avalúo Catastral en los municipios pobres de Colombia -- Avance del -PAI- en el Departamento del Atlántico -- Factores que garantizan los logros del Plan de Acción Inmediata -PAI- en el Departamento de Antioquia -- La experiencia del Municipio de Puerto Escondido Departamental de Córdoba
650 14 - SUBJECT ADDED ENTRY--TOPICAL TERM
Topical term or geographic name entry element Pobreza
9 (RLIN) 17632
Geographic subdivision Colombia.
650 24 - SUBJECT ADDED ENTRY--TOPICAL TERM
Topical term or geographic name entry element Planes de desarrollo
Geographic subdivision Colombia
9 (RLIN) 11146
650 24 - SUBJECT ADDED ENTRY--TOPICAL TERM
Topical term or geographic name entry element Desarrollo social
General subdivision Legislación
Geographic subdivision Colombia
9 (RLIN) 40786
651 #4 - SUBJECT ADDED ENTRY--GEOGRAPHIC NAME
Geographic name Colombia
General subdivision Condiciones sociales
9 (RLIN) 9846
942 ## - ADDED ENTRY ELEMENTS (KOHA)
Source of classification or shelving scheme Dewey Decimal Classification
Koha item type Books
Existencias
Withdrawn status Lost status Source of classification or shelving scheme Damaged status Not for loan Collection code Home library Current library Date acquired Source of acquisition Total Checkouts Full call number Barcode Date last seen Date last checked out Copy number Koha item type
    Dewey Decimal Classification     Non-fiction Biblioteca Pública José María del Castillo y Rada Biblioteca Pública José María del Castillo y Rada 04/15/2018 Donación 1 362.5 / C718p1 430000490 05/16/2024 04/15/2024 Ej.1 Books